Grave Doubts (Record no. 977)

MARC details
000 -LEADER
fixed length control field 00273nam a2200109 4500
008 - FIXED-LENGTH DATA ELEMENTS--GENERAL INFORMATION
fixed length control field 160625b xxu||||| |||| 00| 0 eng d
100 ## - MAIN ENTRY--PERSONAL NAME
9 (RLIN) 1202
Personal name Corbett, S
245 ## - TITLE STATEMENT
Title Grave Doubts
260 ## - PUBLICATION, DISTRIBUTION, ETC. (IMPRINT)
Place of publication, distribution, etc. Toronto
Name of publisher, distributor, etc. Little Brown & Com
Date of publication, distribution, etc. 1982
300 ## - PHYSICAL DESCRIPTION
Extent Grave Doubts
942 ## - ADDED ENTRY ELEMENTS (KOHA)
Source of classification or shelving scheme Dewey Decimal Classification
Koha item type BOOK
Holdings
Withdrawn status Lost status Source of classification or shelving scheme Damaged status Not for loan Home library Current library Shelving location Date acquired Total Checkouts Full call number Barcode Date last seen Date last checked out Price effective from Koha item type
    Dewey Decimal Classification     Good Samaritan School Library Good Samaritan School Library FICTION 06/25/2016 4 823 COR1497 02/01/2023 01/25/2023 06/25/2016 BOOK

Powered by Koha